Sindicalismo (Registro nro. 5139)

Detalles MARC
000 -LEADER
fixed length control field 00713 a2200205 4500
001 - CONTROL NUMBER
control field 53220
005 - DATE AND TIME OF LATEST TRANSACTION
control field 20260407155806.0
008 - FIXED-LENGTH DATA ELEMENTS--GENERAL INFORMATION
fixed length control field 260407a1984 arg spa d
003 - CONTROL NUMBER IDENTIFIER
control field AR-UNSa-BCEJYS
040 ## - CATALOGING SOURCE
Original cataloging agency AR-UNSa-BCEJYS
Language of cataloging spa
Transcribing agency AR-UNSa-BCEJYS
080 ## - UNIVERSAL DECIMAL CLASSIFICATION NUMBER
Universal Decimal Classification number 331.105.44
Common auxiliary subdivision Organizaciones de empleados. Sindicatos
020 ## - INTERNATIONAL STANDARD BOOK NUMBER
International Standard Book Number 950-14-0195-2
100 1# - MAIN ENTRY--PERSONAL NAME
Personal name del Castillo, Efraín Raúl
245 10 - TITLE STATEMENT
Title Sindicalismo
Name of part/section of a work Factor de poder político
264 #1 - PRODUCTION, PUBLICATION, DISTRIBUTION, MANUFACTURE, AND COPYRIGHT NOTICE
Place of production, publication, distribution, manufacture Buenos Aires :
Name of producer, publisher, distributor, manufacturer Ediciones Depalma
Date of production, publication, distribution, manufacture, or copyright notice 1984
300 ## - PHYSICAL DESCRIPTION
Extent 207 p.
Dimensions 20 cm.
505 ## - FORMATTED CONTENTS NOTE
Formatted contents note 1. El sindicalismo - 2. El dirigente sindical -3. El poder sindical - 4. Institucionalización del sindicalismo
590 ## - LOCAL NOTE (RLIN)
Local note niveau_biblio:m niveau_hierar:0
942 ## - ADDED ENTRY ELEMENTS (KOHA)
Koha item type
Existencias
Withdrawn status Lost status Damaged status Not for loan Home library Current library Shelving location Date acquired Total checkouts Full call number Barcode Date last seen Price effective from Koha item type
        Biblioteca Prof. Eusebio Cleto del Rey Biblioteca Prof. Eusebio Cleto del Rey   07/04/2026   331.105.44 D331 L45348 07/04/2026 07/04/2026 Libro
        Biblioteca Prof. Eusebio Cleto del Rey Biblioteca Prof. Eusebio Cleto del Rey   07/04/2026   331.105.44 D331 L45347 07/04/2026 07/04/2026 Libro